FIFA World Cup 2026 - Austria Squad - Statistics

General Stats
  • This quiz has been taken 5 times
  • The average score is 13 of 27
Answer Stats
Team # Position Club/Country Player % Correct
Austria 20 RB Bayern Munich Konrad Laimer
100%
Austria 9 CM Borussia Dortmund Marcel Sabitzer
100%
Austria 19 AM RB Leipzig Christoph Baumgartner
80%
Austria 8 CB Real Madrid David Alaba
80%
Austria 7 ST Red Star Belgrade Marko Arnautovic
80%
Austria 1 GK Red Bull Salzburg Alexander Schlager
60%
Austria 17 CM Borussia Dortmund Carney Chukwuemeka
60%
Austria 3 CB Tottenham Hotspur Kevin Danso
60%
Austria 15 CB SC Freiburg Philipp Lienhart
60%
Austria 16 LB 1.FSV Mainz 05 Philipp Mwene
60%
Austria Manager Germany Ralf Rangnick
60%
Austria 4 CM RB Leipzig Xaver Schlager
60%
Austria 10 DM SC Braga Florian Grillitsch
40%
Austria 23 CB SV Werder Bremen Marco Friedl
40%
Austria 11 ST FC Augsburg Michael Gregoritsch
40%
Austria 6 DM RB Leipzig Nicolas Seiwald
40%
Austria 21 RW VfL Wolfsburg Patrick Wimmer
40%
Austria 24 CM PSV Eindhoven Paul Wanner
40%
Austria 18 AM SV Werder Bremen Romano Schmid
40%
Austria 14 ST LASK Sasa Kalajdzic
40%
Austria 26 CM Wolfsberger AC Alessandro Schöpf
20%
Austria 22 LM TSG 1899 Hoffenheim Alexander Prass
20%
Austria 2 CB Elche CF David Affengruber
20%
Austria 12 GK FC Viktoria Plzen Florian Wiegele
20%
Austria 13 GK Bröndby IF Patrick Pentz
20%
Austria 5 CB 1.FSV Mainz 05 Stefan Posch
20%
Austria 25 CB Venezia FC Michael Svoboda
0%
No matching quizzes found
Score Distribution
Percent of People with Each Score
Percentile by Number Answered
Your Score History
You have not taken this quiz